000 02235nam0a2200409 4500
001 RU\NLR\bibl\1502840
005 20260405094832.0
010 _a978-5-89118-495-4
_9400
021 _aRU
_b2010-13820
_9920
035 _a(nilc)RSL-KNO-004587878
035 _a(NLR Aleph) 001494285
090 _a1779237
_c1779237
100 _a20100304d2009 |||y0rusy50 ca
101 0 _arus
_aeng
102 _aRU
105 _aa zzzz|||||
200 1 _aВоспроизводство почв в антропогенно нарушенных ландшафтах лесостепи
_dRegeneration of soils in anthropogenically disturbed landscapes of forest-steppe zone
_fП. В. Голеусов, Ф. Н. Лисецкий
_gБелгородский гос. ун-т, Российский фонд фундаментальных исслед.
_zeng
210 _aМосква
_cГЕОС
_d2009
215 _a209, [1] с.
_cил.
_d25
300 _aАвт. также на англ. яз.: P.V. Goleusov, F.N. Lisetskii
300 _aТекст рус., англ.
320 _aБиблиогр.: с. 195-208
510 1 _6z11790
_aRegeneration of soils in anthropogenically disturbed landscapes of forest-steppe zone
_zeng
606 1 _aЛесостепные почвы
_xОбразование
_xВлияние антропических факторов
_92416615
_3RU\NLR\auth\661439462
610 0 _aСельское и лесное хозяйство. Сельскохозяйственные и лесохозяйственные науки -- Почвоведение
686 _aП03,0
_2rubbk
686 _aП031.9
700 1 _4070
_8rus
_7ca
_aГолеусов
_bП.В.
_f1976-
_gПавел Вячеславович
_3RU\NLR\auth\7735443
_918440
701 1 _4070
_8rus
_7ca
_aЛисецкий
_bФ.Н.
_f1958-
_gФедор Николаевич
_3RU\NLR\auth\7735445
_918442
790 1 _4070
_8rus
_7ba
_aGoleusov
_bP.V.
_f1976-
_gPavel Vjačeslavovič
_3RU\NLR\auth\7735444
_918441
790 1 _4070
_8rus
_7ba
_aLiseckij
_bF.N.
_f1958-
_gFedor Nikolaevič
_3RU\NLR\auth\7735447
_918444
801 0 _aRU
_bРГБ
_c20100304
_grcr
801 1 _aRU
_bРГБ
_c20100304
801 2 _aRU
_bNLR
_c20100422
_grcr
942 _cBOOK
980 _aNB